El lago de Netzahualcóyotl
Saved in:
| Main Author: | |
|---|---|
| Format: | Book |
| Language: | Spanish |
| Published: |
Santiago de Cuba
Universidad de Oriente
1960
|
| Edition: | 2a. ed |
| Subjects: | |
| Tags: |
Add Tag
No Tags, Be the first to tag this record!
|
MARC
| LEADER | 00000nam a2200000 a 4500 | ||
|---|---|---|---|
| 001 | UCO0734 | ||
| 003 | CL-VaPUC | ||
| 008 | 000428e19600000CU |||||||||||||||||spa|d | ||
| 082 | 0 | 4 | |a 972.018 |b MAR |2 21 |
| 100 | |a Martínez Arango, Felipe |e autor |9 442179 | ||
| 245 | 1 | 3 | |a El lago de Netzahualcóyotl |
| 250 | |a 2a. ed | ||
| 300 | |a 55 p | ||
| 942 | |c BK | ||
| 945 | |d 20000428 00:00:00 |a crobeson | ||
| 260 | |a Santiago de Cuba |b Universidad de Oriente |c 1960 | ||
| 650 | 7 | |a HISTORIA MEXICANA |2 CL-VaPUC |9 333909 | |
| 650 | 0 | |a Aztecas |9 265930 | |
| 650 | 0 | |a Culturas precolombinas |9 408769 | |
| 650 | 7 | |a ETNOHISTORIA |2 CL-VaPUC |9 442131 | |
| 651 | 0 | |a México |9 255269 | |
| 583 | |a last modification |c 20000428 00:00:00 |k Rodrigo Vera | ||
| 999 | |c 287382 |d 287380 | ||
| 952 | |0 0 |1 0 |4 0 |6 972_018000000000000_MAR_1960 |7 0 |8 A |9 334220 |a BIBHIS |b BIBHIS |d 2019-11-20 |i 127225K |o 972.018 MAR 1960 |p 127225K |r 2025-01-20 |w 2019-11-20 |y BK |k HIS | ||